| 000 | 00453nam a2200097Ia 4500 | ||
|---|---|---|---|
| 008 | 180130s9999 xx 000 0 und d | ||
| 245 |
_cAlbers, Craig A.; Elliott, Stephen N.; Kettler, Ryan J.; Roach, Andrew T. _aEvaluating intervention outcomes within problem-solving-based assessment |
||
| 260 | _c2013 | ||
| 300 | _aBook title: Assessment for intervention : a problem-solving approach--Acession number C17203; pages 344-360 | ||
| 650 | _aSCHOOL PSYCHOLOGY | ||
| 999 |
_c353721 _d353721 |
||